Statistics for Sydney Club Rugby - Shute Shield Teams

Click here to take the quiz!

General Stats

  • This quiz has been taken 144 times
    (56 since last reset)
  • The average score is 8 of 11

Answer Stats

Clubs% Correct
Northern Suburbs
88%
Randwick
81%
Sydney University
81%
Gordon
79%
Manly
79%
Eastern Suburbs
75%
Parramatta
75%
Eastwood
69%
Southern Districts
67%
Warringah
67%
West Harbour
58%

Score Distribution

Percentile by Number Answered

Percent of People with Each Score

Your Score History

You have not taken this quiz since the last reset